[Event "Coventry op"]
[Site "Coventry"]
[Date "2005.03.26"]
[Round "4"]
[White "Dearing, Eddie"]
[Black "Georgiev, Kiril"]
[Result "1/2-1/2"]
[WhiteElo "2408"]
[BlackElo "2654"]
[Annotator "Dearing,E"]
[PlyCount "118"]
[EventDate "2005.03.24"]
[EventType "swiss"]
[EventRounds "9"]
[EventCountry "ENG"]
[SourceTitle "CBM 105 Extra"]
[Source "ChessBase"]
[SourceDate "2005.05.01"]
[SourceVersion "1"]
[SourceVersionDate "2005.05.01"]
[SourceQuality "1"]

{The Coventry International tournament is an almost entirely new concept for
England. The time control is quasi-classical (40 moves in 2 hours, followed by
30 minutes to finish) but the format is two rounds per day, with one round on
the Thursday evening and then 8(!) rounds spread over the Easter weekend. This
can be quite gruelling at the best of times, however on this occasion I came
to the tournament exhausted and unprepared. Taking account of these factors I
decided to base my preparation entirely upon how I was feeling before the game.
Instead of focussing on opening prep I would have a look through my opponents'
games and try to get a feel for the way they handle certain positions. This
actually didn't help much, but what I did find useful was simply thinking
about the systems that they play and trying to come up with something new.
Nevertheless, this is easier said than done when you face an opponent who has
been one of the best players in the World for the last 10 years!} 1. d4 Nf6 2.
c4 e6 3. Nc3 Bb4 4. Qc2 $5 {My favourite system, and one that has always
scored well for me.} c5 5. dxc5 O-O 6. a3 $1 ({It's important to play this now.
The more natural} 6. Nf3 {allows} Na6 $1 7. a3 Bxc3+ 8. Qxc3 Nxc5 {when
Black's active pieces guarantee excellent play.}) 6... Bxc5 7. Nf3 b6 8. Bf4 ({
As a junior I preferred} 8. Bg5 {although objectively I see more purpose in
the text move, which attempts to clamp down on the dark-squared weaknesses in
the Black position.}) 8... Bb7 9. Rd1 $1 Nc6 10. e3 ({Leafing through the
pages of a New In Chess magazine before the game, I saw Bareev (one of my
favourite players) inflict a convincing victory with} 10. b4 $5 {when 10...Be7
11.e4 seems to be better for White. This captured my imagination for a while,
however eventually I came up with the idea of meeting 10.b4 with 10...Nh5. I
looked this up on the database and found that Peter Hiene Nielsen had beaten
Macieja in this line after} Nh5 11. Bg5 Be7 12. Bxe7 Nxe7 13. e3 Bxf3 14. gxf3
a5 15. Be2 axb4 16. axb4 Nc6 17. Qb2 Qg5 18. f4 Qg2 19. Kd2 Qxf2 20. Rdg1 Qh4
21. Ne4 f5 22. Bxh5 e5 23. Ng3 Qe7 24. Bf3 e4 25. Be2 Nxb4 26. Ra1 Rad8 27.
Rhb1 Nc6 28. Qb5 Qf6 29. Qd5+ Kh8 30. Ra6 Ne7 31. Qd4 Qh4 32. Raxb6 Qxh2 33.
Nh5 Qg2 34. Rd6 Nc6 35. Qc3 Rf7 36. Rb5 Rg8 37. Rbd5 Ra8 38. Qb2 Qg1 39. Rxd7
Rxd7 40. Rxd7 Rg8 41. c5 {1-0 Nielsen,P-Macieja,B Drammen 2004. Nevertheless,
I don't see why Black should be worse at move 12, so ultimately I abandoned
this fashionable line in favour of the more established White systems.}) 10...
Rc8 ({In my first outing on the Black side of this variation (which came some
time before this game) I tried the continuation} 10... Nh5 11. Bg3 f5 $5 {
however} 12. Be2 Rc8 $6 13. Nb5 $1 {gave White the better chances in Erdos,
V-Dearing,E Budapest HUN 2004 (1/2-1/2 ). My annotations to this game are also
included in this issue.}) 11. Be2 Be7 12. Nb5 $1 d5 13. Qb1 a6 (13... Nh5 14.
Bg3 g6 15. cxd5 exd5 16. e4 Nxg3 17. hxg3 {was Gurevich,M-Hansen,C Esbjerg
2000, which Black ultimately won, however White definitely emerged from the
opening with some advantage.}) 14. Nc3 Na5 15. cxd5 exd5 16. Be5 Re8 {
Technically this is a novelty, however I am not too sure it makes very much
difference to the position.} ({The only game I had seen in this system had run
} 16... Nc4 17. Bxc4 $5 ({I was surprised that Karpov was so willing to give
up his light-squared bishop, however in fact there was an earlier game of
which I was unaware that had continued} 17. Bd4 b5 18. O-O Qa5 19. Bd3 g6 20.
e4 dxe4 21. Nxe4 Nxe4 22. Bxe4 Qc7 23. Rfe1 Rfe8 24. Qc1 Bxe4 25. Rxe4 Nd6 26.
Qxc7 {1/2-1/2 Gurevich,M-Macieja,B Batumi GEO 2002. In the early stages
White's position appeared preferable, however I am not sure how this can be
transformed into anything substantive.}) 17... Rxc4 18. O-O Qa8 19. Bd4 b5 20.
Ne5 Rc7 21. Qf5 Bc8 22. Qf3 {At this stage I felt that White must hold some
kind of advantage, however it proves surprisingly difficult for Karpov to
transform his slight positional edge into something more concrete.} Be6 23. h3
Qb7 24. Nd3 Rd8 25. Ne2 Ne4 26. Ng3 Ng5 27. Qe2 Rdc8 28. Nf4 Rc2 29. Rd2 Rxd2
30. Qxd2 Bd6 31. Qd3 Ne4 32. Nge2 Bf5 33. Qd1 Qc6 34. Re1 Bg6 35. Nc3 Bxf4 36.
exf4 h6 37. f3 Ng3 38. Kh2 Nf5 39. g4 Nxd4 40. Qxd4 Rd8 41. f5 Bh7 42. Nxd5 Kh8
43. Rd1 f6 44. Qe3 {0-1 Karpov,A-Macieja,B/Warsaw 2003. Although an
unfortunate last minute error cost Karpov the game, it has to be said that he
was certainly never worse. However bearing in mind that the c4-knight is
essentially on its optimum square, I did wonder whether there might be some
way to negate its influence without exchanging the light-squared bishop, i.e.
to simply play around the knight.}) 17. O-O Nc4 18. Bd4 b5 19. Ng5 $5 {
Although I hadn't quite decided how I was going to implement this manoeuvre, I
was sure that if I could make it work I would have decent chances of securing
a tangible advantage. My plan was basically to provoke a weakening of Black's
kingside, and then to drop the knight back to h3 and then follow up with Nf4,
essentially reaching the same knight formation as Karpov did in his game with
Macieja. The difference would of course be the presence of the light-squared
bishop on e2. My plan was to then play Be2-f3, ganging up on the d5-pawn with
all my minor pieces (the d4-bishop threatens to chop on f6 at some opportune
moment, thereby removing a key defender) and then perhaps double rooks on the
d-file.} ({I also considered} 19. Bd3 $5 {at the board, however I didn't feel
entirely confident that the bishop belongs here. A couple of sample lines:} g6
(19... Bd6 {allows} 20. Bf5 $1 Rc7 21. Bxf6 $5 Qxf6 22. Nxd5 Bxd5 23. Rxd5 g6
24. Bh3 Bf8 (24... Nxb2 $2 25. Rxd6 $18) 25. Rc1 Bg7 26. Rc2 Rd8 27. Rxd8+ Qxd8
28. g3 h6 29. Bf1 Rd7 30. Be2 {when Black has some compensation for the pawn.})
20. Bxc4 bxc4 (20... Rxc4 21. b3 Rc8 22. b4 Ne4 23. Qd3 Bd6 24. Ne2 $14) 21. b4
$5 $14 {I should probably warn the reader that I thought about these lines,
rather than actually putting a lot of thought into them!}) 19... h6 (19... g6 {
weakens Black on the dark-squares slightly, and every little helps!}) 20. Nh3 (
{I thought about} 20. Bxc4 Rxc4 21. Bxf6 Bxf6 22. Qh7+ {but simply} Kf8 23. Nf3
Bxc3 24. bxc3 Qf6 {seemed fine for Black.} (24... Rxc3 $2 25. Qh8+ Ke7 26. Qxg7
$16) {However} 25. Rd4 $5 {may be interesting} ({during the game I only
considered} 25. Nd4 Qg6 26. Qxg6 fxg6 27. Rd3 Rec8 {which gives Black some
pressure in the endgame.}) {e.g.} 25... Qg6 (25... Rxc3 $2 26. Rf4 $16) 26.
Qxg6 fxg6 27. Rxc4 dxc4 28. Nd4 {when White probably enjoys the better chances
in the endgame because Black's pawn structure lacks mobility (and is fixed on
the same coloured squares as the bishop) whereas White enjoys an obvious and
sensible plan of expanding in the centre with f3 and e4, and then centralising
the king. Black might now try} Be4 29. f3 (29. Ra1 $5) 29... Bd3 30. Re1 Rb8 {
intending to open some lines on the queenside with a5, Rb6 (to stop Nc6) and
b4.}) 20... Bd6 21. Nf4 Bxf4 ({This is what I had been hoping for. Instead} 
21... Ne4 22. Nxe4 dxe4 23. Nh5 Ne5 24. Bc3 Qc7 25. Ng3 Nc4 26. Bxc4 bxc4 27.
Qc2 {is less clear.}) 22. exf4 Ne4 23. Nxe4 Rxe4 24. Bg4 $1 Ra8 25. g3 {
Now white should be somewhere between slightly and clearly better. The bishop
pair enjoy excellent scope, the isolated d5-pawn is securely blockaded,
Black's b7-bishop is hemmed in and White's doubled f-pawns enhance his control
over the dark-squares. Unfortunately things aren't as easy for White as they
might first appear.} Qd6 26. Bf3 Ree8 27. Qf5 Rad8 28. Qg4 Qf8 29. Bc3 ({
Fritz prefers} 29. Rfe1 {however I was put off by} Nd2 30. Bg2 Ne4 {when I
felt that my bishops had lost some of their scope, whereas Black's knight had
acquired a little more influence.}) 29... a5 30. b3 Nxa3 (30... b4 31. axb4
axb4 {also came into consideration. Thinking back} 32. Bd4 {is the move I had
decided to play if there was nothing better, however} (32. bxc4) ({and} 32.
Bxg7 Qxg7 33. Qxg7+ Kxg7 34. bxc4 {also came into consideration.})) 31. Bxa5
Ra8 32. Bb6 (32. Bc7 Qe7 33. Be5 f6 34. Bb2 b4 {may preserve White's advantage.
}) 32... Ra6 33. Bd4 Nc2 34. Qf5 Nxd4 35. Rxd4 Rd8 36. Rfd1 Rad6 {With time
trouble nagging me to simplify and tiredness reminding me that this was my
first tournament for several months, I decided to stop messing around and just
bank my winnings by going into an ending a pawn up.} 37. Bxd5 Rxd5 38. Rxd5
Rxd5 39. Rxd5 g6 $1 {A very important move.} ({Instead} 39... Bxd5 40. Qxd5 Qb4
41. f5 {makes things much more difficult for Black.}) 40. Qd3 Bxd5 41. Qxd5 Qb4
{Now the position is probably drawn. I pressed on for a bit to see if I could
organise f4-f5 under favourable circumstances, or perhaps bring my king up the
board without allowing a perpetual, but there didn't seem to be any serious
winning plan.} 42. Kf1 h5 43. h4 Kg7 44. Ke2 Kg8 45. Kd3 Qe1 46. Qf3 Qb4 47.
Qa8+ Kg7 48. Qd5 Kg8 49. Kc2 (49. f5 $5 {may have kept my winning chances
alive, e.g.} gxf5 50. Kc2 $1 Qe1 (50... f4 51. Qg5+ Kf8 52. Qxf4 Qxf4 53. gxf4
Ke7 54. Kc3 Ke6 55. Kb4) 51. Qxf5 Qe2+ 52. Kc3 Qe1+ 53. Kb2 Qd2+ 54. Qc2 Qd4+
55. Kb1 {and the game goes on.}) 49... Qe1 50. Qd2 Qe4+ 51. Qd3 Qc6+ 52. Kb2
Qf6+ 53. Qc3 Qd6 54. b4 (54. Qe3 Kh7 55. Kc3 Qa3 56. Qe5 Qa5+ 57. Kd3 Qb4 58.
Qd5 Kg8) 54... Qd5 55. Kc2 Qa2+ 56. Qb2 Qc4+ 57. Kd2 Qd5+ 58. Ke3 Qe6+ 59. Kd3
Qc4+ 1/2-1/2

[Event "Budapest FS09 GM"]
[Site "Budapest"]
[Date "2004.09.04"]
[Round "1"]
[White "Erdos, Viktor"]
[Black "Dearing, Eddie"]
[Result "1/2-1/2"]
[WhiteElo "2454"]
[BlackElo "2392"]
[Annotator "Dearing,E"]
[PlyCount "82"]
[EventDate "2004.09.04"]
[EventType "tourn"]
[EventRounds "13"]
[EventCountry "HUN"]
[EventCategory "8"]
[SourceTitle "CBM 102 Extra"]
[Source "ChessBase"]
[SourceDate "2004.11.03"]
[SourceVersion "1"]
[SourceVersionDate "2004.11.03"]
[SourceQuality "1"]

1. d4 Nf6 2. c4 e6 3. Nc3 Bb4 4. Qc2 c5 5. dxc5 O-O 6. a3 Bxc5 7. Nf3 b6 8. Bf4
Bb7 9. Rd1 Nc6 {My choice of opening can be explained on the basis that I have
played this variation as White from time to time, and I believe that this
setup provides Black with a healthy compromise between winning chances and
solidarity. Unfortunately, because I play so little chess these days, I have
never had the time to learn the solid theory of this variation, only the
general ideas. 9...Nc6 was in fact the last move of theory I knew and from
this point onwards I was effectively flying blind.} 10. e3 Nh5 (10... Be7 $5
11. Be2 Rc8 12. O-O $6 (12. Nb5 $1 {is stronger - see Dearing-Georgiev,Kir
Coventry International 2005, also annotated in this issue.}) 12... Na5 $1 13.
b3 a6 14. Qb2 d6 15. Nd2 Nc6 16. Bg3 Qc7 17. b4 Ne5 18. Rc1 Qb8 19. Rfd1 Rfd8
20. e4 Qa8 21. Na4 Ned7 {gave Black a comfortable 'hedgehog' position in
Gershon,A-Zvjaginsev,V Linares 2001. That encounter eventually ended in a draw.
}) 11. Bg3 f5 $5 12. Be2 Rc8 $6 {If I could have foreseen Erdos's response I
would have considered something which carries a more immediate impact.} (12...
a6 13. Bh4 Be7 14. Bxe7 Nxe7 15. Nd4 Qe8 16. Bf3 Rb8 17. O-O Nf6 18. Bxb7 Rxb7
19. Qa4 {was a little better for White in Sasikiran,K-Palo,D Skanderborg 2003.}
) ({Another alternative is} 12... Nxg3 13. hxg3 Rf7 14. g4 $1 (14. O-O {
was played in Savchenko,S-Maksimenko,A Ordzhonikidze 2000, which Black
eventually won. By castling immediately White neglects the power of the
h1-rook against Black's kingside. The text is much stronger.}) 14... g6 15.
gxf5 gxf5 {and now GM Atalik (in his annotations for Chessbase Magazine 101)
suggests that White's best move is 16.e4 with unclear complications, however I
would be equally concerned about} 16. Nb5 $5) 13. Nb5 $1 {Played immediately,
and with the confidence of someone who knows their opponent has strayed into
questionable theory. Viktor Erdos gained some acclaim on the international
chess scene a few years ago when he won a gold medal in the World Under 14
Championship. His rating is now heading steadily toward the 2500 mark and he
intends to be a professional chess player. After the game Viktor explained
that he was borrowing this idea from a rapid game between Karpov and Macieja,
played in 2002. Although Karpov eventually lost Erdos had correctly concluded
that White had held the advantage in the early stages of the game and that
this manoeuvre poses a serious threat to Black's setup.} f4 $5 {Realising that
my dark-squares are now frightfully weak I felt it necessary to initiate
immediate counterplay on the kingside.} ({A more rational idea may have been
to play} 13... Nxg3 14. hxg3 Ba8 $5 (14... a6 15. Nd6 Bxd6 16. Rxd6 Qe7 17. Qd2
{gives White a suffocating bind on the dark-squares.}) ({whereas} 14... Qe7 15.
b4 a6 16. bxc5 axb5 17. cxb6 (17. cxb5 Na5 $1 {gives White problems with
c5-pawn}) 17... Qxa3 18. Qd3 $1 {gives Black problems with the d7-pawn.}) 15.
g4 h6 16. gxf5 Rxf5 17. Rh3 $6 (17. Bd3 $1 Rf6 18. Bh7+ Kh8 19. Be4 $16 {
looks stronger}) 17... a6 18. Nc3 Ne5 19. Nxe5 Rxe5 20. Bf3 Bxf3 21. gxf3 Bf8 {
led to a draw in Baburin,A-Chandler,M 4NCL 2003}) 14. exf4 Nxf4 15. O-O a5 $5
16. Nd6 Rb8 17. Ne4 $6 {The start of a flawed combination which plays directly
into Black's plan. I was far more concerned about} (17. Bd3 $1 Nxd3 (17... h6
18. Bh7+ Kh8 19. Be4 $16) 18. Qxd3 {when Black is very passively placed}) ({or
} 17. Bh4 Qc7 18. Nb5 Qc8 {when my queen is rather passively placed on c8.}) ({
Finally, note that} 17. Bxf4 Rxf4 18. Qd2 Qf6 (18... Nd4 $5 19. Nxb7 Rxb7 20.
Nxd4 Rxd4) 19. Nxb7 Rxb7 {is fine for Black.}) 17... e5 $1 18. Neg5 g6 19. Bxf4
Rxf4 20. Ne6 dxe6 $3 21. Rxd8+ Rxd8 $17 22. b4 $1 {Although this loses a pawn
White has to open up the position in order to gain some activity for the queen.
} (22. Rd1 Nd4 23. Nxd4 Bxd4 $17) 22... axb4 23. axb4 Nxb4 24. Qc3 $1 (24. Qb2
Bxf3 25. Bxf3 Nd3 26. Qc3 e4 $19) 24... Bxf3 $1 25. gxf3 (25. Bxf3 Nd3 {
followed by 26...e4 gives Black a decisive advantage as the f2-pawn will drop,
opening the White king up to a vicious attack.}) 25... Nc6 26. Bd1 Rdd4 $5 ({
Perhaps Black should instead play} 26... Nd4 {followed by 27...Rdf8 and g5, h5,
g4 etc, opening up White's kingside by pressurising the f3-pawn. With the text
move I attempted to tie White's pieces to the defence of the c4-pawn so that I
might incrementally improve my position in other areas of the board.}) 27. Qa1
Rf8 28. Bc2 Na5 29. Be4 Nb3 $1 (29... Nxc4 30. Qa2 {complicates matters
unnecessarily}) 30. Qa4 Nd2 31. Rd1 Nxe4 32. fxe4 Rxd1+ $4 {An awful time
trouble blunder. In fact} (32... b5 $3 {was winning on the spot: White is now
completely lost, e.g.} 33. Qc2 Rxf2 34. Kxf2 (34. Qxf2 Rxd1+) 34... Rxc4+ $19 {
In fact even 32...Rxe4 would have retained reasonable winning chances for
Black. Now the game peters out to a draw.}) 33. Qxd1 Rxf2 34. Kh1 Rf7 35. Qd8+
Kg7 36. Qc8 Re7 37. Kg2 Bd4 38. h3 Bc5 39. Kg3 h5 40. Kg2 Bd4 41. Kg3 Bc5
1/2-1/2

[Event "RUS-ch sf 58th"]
[Site "Kazan"]
[Date "2005.09.07"]
[Round "5"]
[White "Bareev, Evgeny"]
[Black "Belov, Vladimir"]
[Result "1-0"]
[WhiteElo "2688"]
[BlackElo "2596"]
[Annotator "Finkel,A"]
[PlyCount "55"]
[EventDate "2005.09.03"]
[EventType "swiss"]
[EventRounds "9"]
[EventCountry "RUS"]
[SourceTitle "CBM 109"]
[Source "ChessBase"]
[SourceDate "2005.11.14"]
[SourceVersion "1"]
[SourceVersionDate "2005.11.14"]
[SourceQuality "1"]

1. d4 Nf6 2. c4 e6 3. Nc3 Bb4 4. Qc2 c5 5. dxc5 O-O 6. a3 Bxc5 7. Nf3 b6 8. Bf4
Bb7 9. Rd1 Nc6 10. e4 Ne7 11. h4 $5 {This move is obviously Bareev's
improvement to his game against Ivanchuk 2 years ago in which he didn't manage
to get anything out of the opening. The idea behind this move is to disturb
the knight on g6 by h5.} (11. Be2 Ng6 12. Bg3 (12. Bc1 Qc7 13. O-O Rac8 14. Bg5
Rfd8 15. Rd2 a6 16. h3 h6 17. Bxf6 gxf6 18. Rfd1 Nf4 $13 {Reinderman,
D-Asauskas,H/Warsaw 2005}) 12... Nh5 13. Qd2 Nxg3 14. hxg3 Bc6 15. Rh5 Qb8 16.
Kf1 Rd8 17. Nd4 Be7 18. Kg1 a6 19. f4 Qc7 $13 {Suba,M-Gruenberg,H/Sochi 1983})
(11. h3 Ng6 12. Bh2 Nh5 13. Qd2 Nf6 (13... f5 $5 14. exf5 Bxf3 15. gxf3 Nh4 16.
Be2 Qf6 17. Qd3 Ng2+ 18. Kd2 Nhf4 19. Bxf4 Nxf4 20. Qe4 Qh6 $17 {Harikrishna,
P-Macieja,B/Bermuda 2005}) 14. Qc2 Nh5 15. Qd2 Nf6 16. b4 Be7 17. Bd3 a5 18.
Qb2 Nh5 19. O-O Nhf4 $132 {Bareev,E-Ivanchuk,V/Rethymnon 2003}) 11... Ng4 ({
Very serious intention deserved} 11... Ng6 12. Bg5 h6 13. h5 ({After} 13. Bxf6
Qxf6 14. b4 Be7 15. h5 Ne5 16. Nxe5 Qxe5 17. Rxd7 Bf6 18. Rxb7 Qxc3+ 19. Qxc3
Bxc3+ 20. Ke2 Rfd8 21. Kf3 $14 {white doesn't really have chances to win an
arising endgame.}) 13... hxg5 14. hxg6 Ng4 15. Rd2 f5 16. Bd3 (16. b4 Bxf2+ 17.
Rxf2 Nxf2 18. Kxf2 fxe4 19. Nxe4 g4 20. Bd3 gxf3 21. gxf3 $44) 16... Qf6 $13 {
with very complicated struggle.}) 12. Rd2 f5 13. Bd3 Ng6 {Very natural
response by black, but may be it was more accurate not define the position of
the knight yet.} (13... fxe4 $6 14. Bxe4 Bxe4 (14... Rxf4 15. Bxb7 Rb8 16. Be4
Nf5 17. g3 Nxf2 18. Rxf2 Nxg3 19. Bxh7+ Kh8 20. Rg1 Rxf3 21. Rxf3 Bxg1 22. Qg2
Bd4 23. Rxg3 Bxc3+ 24. bxc3 Kxh7 25. Rxg7+ Kh8 26. Rg5 $18) 15. Qxe4 Nf5 16. b4
Be7 17. Nb5 $14) (13... Rc8 14. b4 $2 Bxf2+ 15. Rxf2 fxe4 16. Bxe4 Nxf2 17.
Kxf2 Rxf4 18. Bxb7 Rcxc4 $17) 14. Bg5 Qb8 {[%cal Gg6f4]} (14... Qe8 $5) 15. b4
Bd6 ({May be better was} 15... Be7 $5 {even though white seems to keep some
advantage after} 16. exf5 Bxg5 17. hxg5 exf5 (17... Nf4 18. Kf1 Nxd3 19. Qxd3
Rxf5 20. Qxd7 $14) 18. Bxf5 Bxf3 19. gxf3 Nh2 20. Be4 $14) 16. exf5 N6e5 (16...
exf5 $5 17. Bxf5 Bxf3 18. gxf3 Nh2) (16... Nf4 $6 17. Be4 exf5 (17... Nxg2+ 18.
Kf1 Nf4 19. Rxd6 Qxd6 20. Bxb7 Rae8 21. Qd2 $16) 18. Bxb7 Qxb7 19. O-O $16) 17.
Be4 $6 ({It was better to simplify a position by trading a couple of minor
pieces:} 17. Nxe5 $142 $1 Nxe5 18. fxe6 {[%csl Rh7]} Bxg2 19. Bxh7+ Kh8 20. Be4
Bxe4 (20... Bxh1 21. Bxh1 Nf3+ 22. Bxf3 Rxf3 23. exd7 $18) 21. Nxe4 Nf3+ 22.
Kf1 Nxd2+ 23. Qxd2 $16) 17... Nxc4 (17... Nxf3+ 18. gxf3 Ne5 19. Rxd6 Nxf3+ 20.
Bxf3 Bxf3 21. Rh3 Qxd6 22. Rxf3 exf5 23. Qd3 $16) 18. Rd4 Bg3 $5 {Black is
defending in a very creative manner.} (18... Bxe4 19. Qxe4 Nce5 20. Nb5 Bc7 21.
Nxe5 Nxe5 22. fxe6 dxe6 23. f4 $16) (18... Nge5 $6 19. fxe6 Nxf3+ 20. gxf3 Ne5
21. exd7 Bxe4 22. Qb3+ Kh8 23. Nxe4 Nxf3+ 24. Qxf3 Rxf3 25. d8=Q+ Qxd8 26. Bxd8
Rxd8 27. Nxd6 $18) 19. O-O d5 20. Bxd5 $6 {Allowing black to keep on fighting,
even though white's advanatge is unquestionable in any case.} (20. Bd3 $1 Nxf2
(20... Bh2+ 21. Kh1 Nce5 22. fxe6 $16) 21. Rxf2 e5 22. Rxd5 Bxd5 23. Nxd5 Bxf2+
24. Kxf2 $18) 20... Bh2+ 21. Kh1 exd5 22. Rxg4 Ne5 $2 ({It was possible to put
up some resistance after} 22... Be5 $8 23. Nxe5 Qxe5 24. f6 $16) 23. Nxh2 Nxg4
24. Nxg4 $18 d4 25. Ne2 h6 26. Qc4+ Kh8 27. Bf4 Qe8 28. Ng3 1-0